Statistics for Conspiracy Theories Quiz

Click here to take the quiz!

General Stats

  • This quiz has been taken 354 times
  • The average score is 6 of 18

Answer Stats

HintAnswer% Correct
This recognizable celestial body is actually a hologramThe Moon
88%
This famous historic event was fakedThe Moonlanding
76%
Queen Elizabeth and other leaders are actuallyReptiles
71%
This famous playwright never actually wrote any playsWilliam Shakespeare
70%
This famous woman was murdered by her ex-husband's familyPrincess Diana
55%
This virus was created to control the populationHIV
48%
The government uses these to poison people from the skyChemtrails
47%
This US airport is actually the home of the devil and Illuminati HQDenver Airport
34%
This bank secretly runs the worldRothschild
28%
These cuddly toys are actually robot spiesFurbies
28%
Barack Obama is the same person asOsama Bin Laden
27%
This famous science project intends to summon a demon godCERN Large Hadron Collider
19%
This beloved African leader was killed for trying to trade oil in gold moneyColonel Gaddafi
14%
People with this trait are descendants of aliensRed hair
13%
Saddam Hussein was actually hiding this in IraqStargate
3%
These things were created to control human mindsVaccines
3%
This cartoon's theme-tune played backwards is an apocalyptic warningPokémon
2%
This man has successfully predicted many tragediesAdam Sandler
1%

Score Distribution

Percentile by Number Answered

Percent of People with Each Score

Your Score History

You have not taken this quiz